000 01188cam a22003254a 4500
999 _c3688
_d3688
001 13294267
003 Nust
005 20170105101222.0
008 030729s2004 enka b 001 0 eng
010 _a 2003058553
020 _a0415254159
020 _a0415254167 (pbk.)
040 _aDLC
_cDLC
_dDLC
042 _apcc
050 0 0 _aHD82
_b.C96 2004
082 0 0 _a338.9
_222
100 1 _aCypher, James M.
245 1 4 _aThe process of economic development /
_cJames M. Cypher and James L. Dietz.
250 _a2nd ed.
260 _aLondon ;
_aNew York :
_bRoutledge,
_cc2004.
300 _axxv, 539 p. :
_bill. ;
_c25 cm.
504 _aIncludes bibliographical references and index.
650 0 _aEconomic development.
700 1 _aDietz, James L.,
_d1947-
856 4 2 _3Publisher description
_uhttp://www.loc.gov/catdir/enhancements/fy0650/2003058553-d.html
856 4 2 _3Contributor biographical information
_uhttp://www.loc.gov/catdir/enhancements/fy1102/2003058553-b.html
906 _a7
_bcbc
_corignew
_d1
_eocip
_f20
_gy-gencatlg
942 _2ddc
_cBK